Impact of reduced tapping frequency on agronomic, physiological and biochemical aspects of clone PB 260 of Hevea brasiliensis in the centre west of Cote dIvoire (Record no. 60760)

MARC details
000 -LEADER
fixed length control field 02182nam a2200301Ia 4500
100 ## - MAIN ENTRY--AUTHOR NAME
Personal name Atsin G J O
245 #0 - TITLE STATEMENT
Title Impact of reduced tapping frequency on agronomic, physiological and biochemical aspects of clone PB 260 of Hevea brasiliensis in the centre west of Cote dIvoire
260 ## - PUBLICATION, DISTRIBUTION, ETC. (IMPRINT)
Name of publisher Journal of Rubber Research
Year of publication 2014
300 ## - PHYSICAL DESCRIPTION
Number of Pages 45-56
520 ## - SUMMARY, ETC.
Summary, etc Rubber cultivation faces the problem of scarcity of skilled tapping labour despite a significant reduction in the tapping intensity owing to latex harvestinh technologies. Thus, it is essential to optimise latex harvesting technologies by a greater reduction in the need for tapping labour. To achieve this,a study was conducted on clone PB 260 of Hevea brasiliensis, in Gagnoa, in the centre west of Cote dIvoire. Low tapping frequencies (d4, d5 and d6) which is a high consumers of tapping labour were compared with standard (d3) system, which is a high consumer of tapping labour. The results showed that low frequency tapping leads to yield losses per tree by four to 31;compared with standard tapping. These low yield losses however, are compensated by the additional areas that these technologies are able to exploit. Furthermore, low frequency tapping improves yield per tree and per tapping as well as the output of the tapper by 23 to 36;compared with standard tapping. In addition to that, low frequency tapping systems have no significant negative impact on vegetative growth, physiological profile and sensitivity to tapping panel dryness. Therefore, these technologies can be adopted to remedy the shortage of tapping labour in rubber cultivation.
650 ## - SUBJECT ADDED ENTRY--TOPICAL TERM
Topical Term Cote dIvoire
650 ## - SUBJECT ADDED ENTRY--TOPICAL TERM
Topical Term Hevea brasiliensis
650 ## - SUBJECT ADDED ENTRY--TOPICAL TERM
Topical Term Latex harvesting technologies
650 ## - SUBJECT ADDED ENTRY--TOPICAL TERM
Topical Term Low tapping frequency
650 ## - SUBJECT ADDED ENTRY--TOPICAL TERM
Topical Term Radial vegetative growth5Physiological profile
650 ## - SUBJECT ADDED ENTRY--TOPICAL TERM
Topical Term Rubber yield
650 ## - SUBJECT ADDED ENTRY--TOPICAL TERM
Topical Term Tapping panel dryness
700 ## - ADDED ENTRY--PERSONAL NAME
Personal name Alle J Y
700 ## - ADDED ENTRY--PERSONAL NAME
Personal name Coulibaly L F
700 ## - ADDED ENTRY--PERSONAL NAME
Personal name Kouakou H T
700 ## - ADDED ENTRY--PERSONAL NAME
Personal name Kouame C
700 ## - ADDED ENTRY--PERSONAL NAME
Personal name NGuessan A E B
700 ## - ADDED ENTRY--PERSONAL NAME
Personal name Obouayeba S
700 ## - ADDED ENTRY--PERSONAL NAME
Personal name Soumahin E F
700 ## - ADDED ENTRY--PERSONAL NAME
Personal name Traore S M
942 ## - ADDED ENTRY ELEMENTS (KOHA)
Koha item type Journals
Holdings
Withdrawn status Lost status Damaged status Not for loan Home library Current library Shelving location Date acquired Serial Enumeration / chronology Koha item type
      Journals RRII Library RRII Library Physiology 16/07/2014 Volume 17, Issue 1 Journals